| 000 | 04489cam a22004814i 4500 | ||
|---|---|---|---|
| 003 | PE-LiUPU | ||
| 005 | 20250731184558.0 | ||
| 008 | 150706s r 000 0 d | ||
| 035 | _a(Sirsi) a48887 | ||
| 040 |
_aPE-LiUPU _bspa _cPE-LiUPU _erda |
||
| 049 | _aPRUA | ||
| 082 | 0 | 4 |
_a909 _bU5 _221 |
| 110 | 2 | _aEl Comercio S. A. Empresa Editora | |
| 245 | 0 | 3 |
_aUn viaje por la historia / _ceditado por Hazel Beynon y Steven Carton. |
| 264 | 1 |
_aLima : _bcEl Comercio S. A. Empresa Editora, _c2009. |
|
| 300 |
_a.256 páginas : _bilustraciones, mapas, fotos, color ; _c28 cm. |
||
| 336 |
_atext _2rdacontent |
||
| 337 |
_aunmediated _2rdamedia |
||
| 338 |
_avolume _2rdacarrier |
||
| 505 | 0 | _aAsí empezó todo -- ¿Los sospechosos de siempre? -- ¿Eres lo suficientemente Homo sapiens? -- Parque temático de la caza-recolectores -- África mía -- Bienvenidos al Creciente Fértil -- Construyendo a lo grande -- Heavy metals -- Mesopotamia -- Voces del pasado -- Reino del Nilo -- Egipto el imperio Nuevo -- El más allá egipcio -- Sargón de Acad contra Nabucodonosor II -- India hindú -- Orígenes de China -- Minoicos y micénicos -- Hannón de explorador -- La historia de los judíos -- Sin duda civilizados -- Tu ciudad estado te necesita -- Epopeya griega -- Museo de senado -- Instituto de Roma Imperial -- Fuerza imparable -- Budismo -- Persépolis -- Alejandro, ¡es magno! -- Los mayas -- Obituario: Qin Shi Huang -- Viaje de descubrimiento por la polinesia -- Nacimiento del cristianismo -- Bajo un nuevo mandato -- La parte del medio -- Imperio bizantino -- El nacimiento del islam -- Lucha bárbara -- Una entrevista franca con Carlomagno -- Europa Feudal -- Entrevista exclusiva a un caballero -- Europa cristiana -- Las china de los Tang y los Song -- India: Programación -- Invasión de los mongoles -- ¡Bienvenido a Festiastec! -- Visita el imperio inca -- Indios norteamericanos -- Mercado medieval -- Guerra de los Cien Años -- La peste negra -- Gran Zimbabue -- Exploración y Reforma Cruceros -- Mundo de especias -- Dinastía Ming -- Renacimiento -- Los Tudor -- Imperio otomano -- Fin de los aztecas -- y de los incas -- La Reforma -- Tira y Afloja religioso -- Maestría flamenca -- India mongola -- Persia bajo los safávidas -- Títeres shogunes -- Gran Hermano -- América colonial -- -- Todo cambia -- Revolución agrícola -- La Ilustración -- Cuentos del convicto y de la niña aborigen -- Pedro el grande y Catalina el grande -- El auge de prusia -- Mundo en guerra -- Comercio triangular -- Independencia americana -- Revolución francesa -- Napoleón Bonaparte -- Revolución Industrial -- Historia del lejano Oeste -- Gente de América del Sur, ¡somos libres! -- Avances científicos -- Año de la revoluciones -- Un día en la vida de -- El sol naciente -- Guerra civil de EE.UU -- ¡Fabricado en EE.UU!.-Unificación de Alemania y unión de Italia -- Dominio Británico -- La lucha por África -- La china qing -- Paso adelante -- Primer vuelo -- Sufragista en línea -- La Gran Guerra -- Tratado de Versalles -- La revolución rusa -- Joseph Stalin: evaluación del alumno -- Los locos años Veinte -- La Gran depresión -- El ascenso del fascismo -- Guerra en Europa -- Guerra en Pacifico -- .La guerra ha acabado -- La guerra fría -- Revolución china -- Mapa inestable de Israel -- Independencia india -- Una nueva África -- Magnates emergentes -- Carrera a la Luna -- Los Sesenta -- Oro negro -- Revolución iraní -- La caída del comunismo -- El fin del apartheid -- Un solo mundo -- Guerra contra el terrorismo -- Vayamos al futuro. . | |
| 526 | _aP136 | ||
| 526 | _aP135 | ||
| 526 | _aP134 | ||
| 526 | _aP133 | ||
| 526 | _aP144 | ||
| 526 | _aP143 | ||
| 526 | _aP87 | ||
| 526 | _aP35 | ||
| 526 | _aP20 | ||
| 526 | _aP14 | ||
| 526 | _aP10 | ||
| 526 | _aP06 | ||
| 650 | 1 | 4 |
_aHistoria Universal _vObras de divulgación. |
| 700 | 1 |
_aBeynon, Hazel, _eed. |
|
| 700 | 1 |
_aCarton, Steven, _eed. |
|
| 910 |
_bjv _cng |
||
| 942 |
_2ddc _cBOOK |
||
| 949 |
_a909 U5 _wDEWEY _c1 _i62079 _lCCODEBUL1 _mBUL _p14.00 _r0 _sY _tLIBRO _u2015-07-06 _xBIBLIOTECA _zUNKNOWN _o.STAFF. Colección General |
||
| 994 |
_aC0 _bPEPRU |
||
| 596 | _a1 | ||
| 999 |
_a909 U5 _wDEWEY _c51173 _i62079 _f2021-11-9 _g5 _lCCODEBUL1 _mBUL _p14.00 _r0 _sY _tBOOK _u2015-7-6 _xEDUCACION _zUNKNOWN _0COMPRA _o.STAFF. Colección General _d51173 |
||
| 980 |
_81 _gALBERTO SANCHEZ Responsable de Automatización |
||